02007nam a2200277 a 4500001001000000003000400010005001700014007000300031008004100034040002500075082002900100100002800129245010400157260003500261300002000296504003300316505004200349505003500391505020000426505077200626505019501398505002101593650003801614651003801652710003901690000002720OSt20240229073953.0ta090703e1973 dr er 001 0dspa d aDO-SdBNPbspacBNPHU aBNPHU -338.097293bV422e1 aVega, Bernardo,d1938 -10aEvaluación de la política de industrialización de la República Dominicana /cBernardo Vega. aSanto Domingo :b[s.n.]c1973. a221 p ;c22 cm. aBibliografía : p. 101-112 1 aAntecedentes, resumen y conclusiones.1 aCapítulo I - introducción.1 aCapítulo II - 1- La ley No. 299 sobre incentivos y protección industrial. 2- la ley no. 295 sobre devolución de impuestos cuando se realizan exportaciones. 3- las leyes sobre zonas francas.1 aCapítulo III : IV- La política de integración económica y de comercio exterior. V- la política de tasa de cambio del país. VI- el arancel de importación y exportación. VII- controles comisarios. VIII- la política Nacional sobre el papel de la inversión extranjera es el país. IX- el papel d la inversión pública en el proceso nacional de industrialización. X- la política normativa y de créditos industriales del país. XI- la orientación de la inversión pública por sectores y prioridades. XII- zonas industriales, zonificación y contaminación ambiental. 1 aCuadros : 1- criterios socio-económicos utilizados en varios mecanismos de evaluación. 2- empresas que han obtenido clasificación "a". 3- empresas que han obtenido clasificación "c".1 aCuadros. anexos. 4aPolítica de industrialización 4aRepública DominicanaxIndustria0 aConsejo Estatal del Azúcar (CEA)